Städte an der Oder - Statistiken

Allgemein
  • Dieses Quiz wurde 36 mal gespielt
  • Das Durchschnittsergebnis liegt bei 5 aus 16
Antwortstatistiken
Bildquiz Hint Antwort % Korrekt
Brandenburg, DE Frankfurt an der Oder
100%
Westpommern, PL Szczecin / Stettin
76%
Niederschlesien, PL Wrocław / Breslau / Brassel
67%
Opole, PL Opole / Oppeln / Uppeln
58%
Brandenburg, DE Schwedt an der Oder
33%
Westpommern, PL Świnoujście / Swinemünde
33%
Mährisch-Schlesischen Region, CZ Ostrava / Ostrau
30%
Westpommern, PL Police / Pölitz
18%
Niederschlesien, PL Głogów / Glogau / Groß-Glogau
15%
Schlesien, PL Racibórz / Ratibor / Rattebor
15%
Opole, PL Brzeg / Brieg / Brigg
12%
Niederschlesien, PL Oława / Ohlau
12%
Lebus, PL Bytom Odrzański / Beuthen an der Oder
9%
Niederschlesien, PL Jelcz-Laskowice / Jeltsch-Laskowitz
9%
Opole, PL Kędzierzyn-Koźle / Kandrzin-Cosel
9%
Lebus, PL Nowa Sól / Neusalz an der Oder
9%
Keine übereinstimmenden Quizze gefunden
Verteilung der Resultate
Anzahl Personen mit jedem Resultat
Perzentil nach korrekt beantworteten Fragen
Ihre Resultats-Entwicklung
Sie haben dieses Quiz noch nicht gespielt